Brawl Stars Characters - Statistics

General Stats
  • This quiz has been taken 18 times
    15 since last reset
  • The average score is 15 of 57
Answer Stats
Hint Answer % Correct
Trophy Road / Starter Shelly
75%
Super Rare Carl
50%
Trophy Road Colt
50%
Trophy Road Dynamike
50%
Rare El Primo
50%
Trophy Road Nita
50%
Rare Rosa
50%
Trophy Road 8-Bit
38%
Rare Barley
38%
Trophy Road Bo
38%
Trophy Road Bull
38%
Legendary Crow
38%
Super Rare Darryl
38%
Super Rare Penny
38%
Rare Poco
38%
Super Rare Rico
38%
Trophy Road Tick
38%
Chromatic Belle
25%
Epic Bibi
25%
Trophy Road Brock
25%
Chromatic Buzz
25%
Trophy Road Emz
25%
Epic Frank
25%
Mythic Gene
25%
Super Rare Jacky
25%
Trophy Road Jessie
25%
Legendary Leon
25%
Mythic Max
25%
Mythic Mortis
25%
Epic Nani
25%
Epic Pam
25%
Epic Piper
25%
Legendary Sandy
25%
Legendary Spike
25%
Mythic Squeak
25%
Trophy Road Stu
25%
Chromatic Surge
25%
Mythic Tara
25%
Legendary Amber
13%
Chromatic Ash
13%
Epic Bea
13%
Mythic Byron
13%
Chromatic Colette
13%
Chromatic Colonel Ruffs
13%
Epic Edgar
13%
Chromatic Eve
13%
Chromatic Fang
13%
Chromatic Gale
13%
Epic Griff
13%
Epic Grom
13%
Chromatic Lola
13%
Chromatic Lou
13%
Legendary Meg
13%
Mythic Mr. P
13%
Mythic Sprout
13%
Epic Bonnie
0%
Chromatic Janet
0%
No matching quizzes found
Score Distribution
Percent of People with Each Score
Percentile by Number Answered
Your Score History
You have not taken this quiz since the last reset